| 000 | 00440nam a2200157Ia 4500 | ||
|---|---|---|---|
| 005 | 20250508155955.0 | ||
| 008 | 008 250505s9999 xx 000 0 eng d | ||
| 037 | _aBooks to be hide in OPAC | ||
| 040 |
_aFEDL _beng _cFEDL |
||
| 041 |
_aeng _2eng |
||
| 084 |
_a378.547, DAC/O _qFEDL |
||
| 245 | 0 | _aUniversity of DACCA : Annual report 1928-29 | |
| 300 | _a53p. | ||
| 942 |
_cHB _h378.547, DAC/O |
||
| 999 |
_c1360610 _d1360610 |
||